00284nam a22000977a 4500008004100000082001100041100002600052245005100078260004800129300000900177260423b |||||||| |||| 00| 0 eng d a001276 aDvivedi, Rahasivahari aSanskrit Mahakavya Ka Samalochanatmaka Adhyana aDelhibNew Bharatiya Book Corporationc2019 a464p